01433nab a22002417a 4500999001500000003000400015005001700019008004100036040000700077100004200084245007600126260007300202300001500275500007200290505044600362505008900808650003500897650003200932650003500964650004000999773013901039942001301178 c5681d5681OSt20251226233133.0190603e xxum|||| |||| 00| 0 spa d cPJ 92527aCompagnucci de Caso, Rubén H.10aResponsabilidad civil de los padres /cRubén H. Compagnucci de Caso.  cCiudad Autónoma de Buenos Aires :aThomson Reuters La Ley, b2025. ap. 129-136 aCita: TR LALEY AR/DOC/1769/2025 Publicado en: RCCyC 2025 (agosto). aSumario: I. Introducción.— II. Breves antecedentes históricos.— III. Legislación nacional.— IV. Fundamentos de la responsabilidad.— V. Personas responsables.— VI. Requisitos de la responsabilidad.— VII. Minoridad y sometimiento a responsabilidad parental.— VIII. Habitación.— IX. Acto ilícito que cause daños a terceros.— X. Causales de exención.— XI. Acciones de la víctima.— XII. Acción recursoria.  t¿Te interesa el texto completo? Solicitalo al correo: koha@justierradelfuego.gov.ar 091497aCODIGO CIVIL Y COMERCIAL 091467aRESPONSABILIDAD CIVIL 091015aRESPONSABILIDAD PARENTAL 093674aRESPONSABILIDAD DE LOS PADRES0 0271393170dCiudad Autónoma de Buenos Aires : Thomson Reuters La Ley, 2015-tRevista Código Civil y Comercial. Nº 4 - Agosto 2025 2udccANA